Educated unemployed (Record no. 6234)

MARC details
000 -LEADER
fixed length control field 00845 a2200205 4500
008 - FIXED-LENGTH DATA ELEMENTS--GENERAL INFORMATION
fixed length control field 080826t xxu||||| |||| 00| 0 eng d
010 ## - LIBRARY OF CONGRESS CONTROL NUMBER
LC control number ENG-87200
020 ## - INTERNATIONAL STANDARD BOOK NUMBER
International Standard Book Number 9788184500240
Terms of availability 780.00
035 ## - SYSTEM CONTROL NUMBER
System control number EN-70733
037 ## - SOURCE OF ACQUISITION
Source of stock number/acquisition DBAD / PUB
082 ## - DEWEY DECIMAL CLASSIFICATION NUMBER
Classification number 331.137
100 ## - MAIN ENTRY--PERSONAL NAME
Personal name Mavi, Anupreet Kaur
245 ## - TITLE STATEMENT
Title Educated unemployed
Remainder of title problem, policy and measures to generate employment
Statement of responsibility, etc by Anupreet Kaur Mavi
260 ## - PUBLICATION, DISTRIBUTION, ETC. (IMPRINT)
Place of publication, distribution, etc New Delhi
Name of publisher, distributor, etc Deep & Deep Publications
Date of publication, distribution, etc 2007
270 ## - ADDRESS
Address F-159, Rajouri Garden
City New Delhi
Postal code 110 027
300 ## - PHYSICAL DESCRIPTION
Extent xvii, 264 p.
Dimensions 22 cm ( Hb.)
500 ## - GENERAL NOTE
General note Includes bibliograpgical references
942 ## - ADDED ENTRY ELEMENTS (KOHA)
Institution code [OBSOLETE] dpl
Koha item type English Books
Call number prefix 331.137 / MAV
Source of classification or shelving scheme Dewey Decimal Classification
Classification part 331.137
Call number suffix MAV
Holdings
Withdrawn status Lost status Damaged status Not for loan Home library Current library Date acquired Cost, normal purchase price Total Checkouts Full call number Barcode Date last seen Copy number Uniform Resource Identifier Cost, replacement price Price effective from Koha item type
        D.B.Act.Division D.B.Act.Division 26/08/2008 780.00   331.137 MAV EN-70733 15/09/2008 1 6711 780.00 15/09/2008 English Books

© Delhi Public Library
Hit Counter
free hit counter